Public investment and interregional output - income inequalities.
Posudzovanie vzťahov verejných investícií zameraných na redukovanie medzioblastnej nerovnováhy výroby a príjmov. Analyzovanie vlastností politiky optimálnych verejných investícií a dynamického pohybu medzioblastnej nerovnováhy príjmov.
Gespeichert in:
| 1. Verfasser: | |
|---|---|
| Weitere Verfasser: | |
| Format: | Buchkapitel |
| Sprache: | Englisch |
| Schlagworte: | |
| Tags: |
Keine Tags, Fügen Sie das erste Tag hinzu!
|
MARC
| LEADER | 00000naa a2200000 4500 | ||
|---|---|---|---|
| 001 | r004378 | ||
| 005 | 20220819194551.3 | ||
| 041 | 0 | |a eng | |
| 044 | |a NL | ||
| 245 | 1 | 0 | |a Public investment and interregional output - income inequalities. |c N. Okuno, T. Yagi |
| 520 | |a Posudzovanie vzťahov verejných investícií zameraných na redukovanie medzioblastnej nerovnováhy výroby a príjmov. Analyzovanie vlastností politiky optimálnych verejných investícií a dynamického pohybu medzioblastnej nerovnováhy príjmov. | ||
| 610 | 2 | 0 | |a investície |
| 610 | 2 | 0 | |a regióny ekonomické |
| 610 | 2 | 0 | |a nerovnováha hospodárska |
| 610 | 2 | 0 | |a politika investičná |
| 610 | 2 | 0 | |a príjmy |
| 610 | 2 | 0 | |a výroba |
| 100 | 1 | |a Okuno, N. | |
| 700 | 1 | |a Yagi, T. | |